Social and humanist thinkers : (Record no. 63904)

MARC details
000 -LEADER
fixed length control field 00568nam a22001577a 4500
005 - DATE AND TIME OF LATEST TRANSACTION
control field 20120309144718.0
020 ## - INTERNATIONAL STANDARD BOOK NUMBER
International Standard Book Number 8186653155
Terms of availability 500.00
035 ## - SYSTEM CONTROL NUMBER
System control number A-940635
037 ## - SOURCE OF ACQUISITION
Stock number DPL
Source of stock number/acquisition ENG
100 ## - MAIN ENTRY--PERSONAL NAME
Personal name Jatava, D.R.
245 ## - TITLE STATEMENT
Title Social and humanist thinkers :
Remainder of title (Indian and western) /
Statement of responsibility, etc by D.R. Jatava
260 ## - PUBLICATION, DISTRIBUTION, ETC. (IMPRINT)
Place of publication, distribution, etc Jaipur
Name of publisher, distributor, etc INA Shree Publishers
Date of publication, distribution, etc 1998
300 ## - PHYSICAL DESCRIPTION
Extent ix, 242p.
Dimensions 20 cms.
942 ## - ADDED ENTRY ELEMENTS (KOHA)
Source of classification or shelving scheme Dewey Decimal Classification
Item type English Books
Classification part 144.092
Call number suffix JAT
Holdings
Withdrawn status Lost status Not for loan Collection code Home library Current library Date acquired Cost, normal purchase price Full call number Barcode Cost, replacement price Koha item type
      Non-fiction Sarojini Nagar Sarojini Nagar 09/03/2012 500.00 144.092 JAT A-940635 500.00 English Books

© Delhi Public Library
Hit Counter
free hit counter